| 000 | 00466nam a2200157 4500 | ||
|---|---|---|---|
| 001 | 122566 | ||
| 003 | ES-MaACL | ||
| 005 | 20230906192012.0 | ||
| 007 | t| | ||
| 008 | 070214s1907 fr r ||||1| fre d | ||
| 100 | 1 |
_aProal, Louis. _994009 |
|
| 245 | 1 | 2 |
_aL'education et le suicide des enfants _b: etude psychologique et sociologique / _cpar Louis Proal. |
| 260 |
_aParis : _bFélix Alcan, _c1907. |
||
| 300 |
_aIV, 204 p. ; _c19 cm. |
||
| 852 |
_aES-MaACL _jF-11661 |
||
| 999 |
_c122566 _d122566 |
||